000
00255nam a22001217a 4500
020
_a
81-7862-561-X
082
_a
001
_b
STE/I
245
_a
THE RESPIRATORY SYSTEM
260
_a
DELHI
_b
STERLING PRESS
300
_a
31
650
_a
GK
_z
NEW DELHI
942
_c
BK
999
_c
6253
_d
6253